000 00604nam a2200229Ia 4500
003 OSt
005 20221007073121.0
006 a|||||r|||| 00| 0
007 ta
008 221006b |||||||| |||| 00| 0 eng d
024 _a27,388
037 _cTextual
040 _aFLL
_cFLL
_beng
041 _2eng
_aeng
082 _aZ63B:91, K5
100 _aGluckman Max
_9131537
245 0 _aIdea in barotse jurisprudence
260 _aLondon
_bYale University Press UK
_c1965
300 _axix,301p
_ccm.
942 _hZ63B:91, K5
_cTEXL
_2CC
999 _c1147731
_d1147731